000 00614nam a22002177a 4500
999 _c8028
_d8028
003 OSt
005 20220912130741.0
008 150519b xxu||||| |||| 00| 0 eng d
020 _a 9780750613361
020 _a0705061336X
040 _cDNLM
082 _aWF 102 N923a 1987
100 _aNunn J F
_94689
245 _aNunn's Applied Respiratory Physiology /
_cJ F Nunn
250 _a4th ed.
260 _aOxford:
_bReed Educational and Professional Publishing Ltd;
_c1987
300 _axvii, 658 P :
_bill;
_c27 cm.
504 _aIncludes index
650 _aRespiratory Physiology
_93096
942 _2z
_cO_SHELF